|
|
|
|
| LEADER |
00000nam0a2200000 4500 |
| 001 |
292632 |
| 005 |
20231102000520.0 |
| 020 |
|
|
|a RU
|b 84-5757
|
| 035 |
|
|
|a (RuTPU)RU\TPU\book\317268
|
| 090 |
|
|
|a 292632
|
| 100 |
|
|
|a 20150423d1983 km y0rusy5003 ca
|
| 101 |
0 |
|
|a rus
|
| 102 |
|
|
|a RU
|
| 105 |
|
|
|a a z 001zy
|
| 200 |
1 |
|
|a Методические рекомендации по использованию электрических свойств рудных минералов для изучения и оценки эндогенных месторождений
|f Забайкальский комплексный научно-исследовательский институт ; сост. В. И. Красникова
|
| 210 |
|
|
|a Ленинград
|c [Б. и.]
|d 1983
|
| 215 |
|
|
|a 91 с.
|c ил.
|
| 320 |
|
|
|a Библиогр.: с. 89-91
|
| 320 |
|
|
|a Библиогр.: с. 89-91
|
| 606 |
1 |
|
|a Рудные месторождения, эндогенные
|2 stltpush
|3 (RuTPU)RU\TPU\subj\26020
|9 50039
|
| 610 |
1 |
|
|a методические рекомендации
|
| 610 |
1 |
|
|a электрические свойства
|
| 610 |
1 |
|
|a использование
|
| 610 |
1 |
|
|a изучение
|
| 610 |
1 |
|
|a оценка
|
| 610 |
1 |
|
|a эндогенные месторождения
|
| 610 |
1 |
|
|a минералогия
|
| 610 |
1 |
|
|a физические особенности
|
| 610 |
1 |
|
|a образцы
|
| 610 |
1 |
|
|a аппаратура
|
| 610 |
1 |
|
|a исходные данные
|
| 610 |
1 |
|
|a сбор
|
| 610 |
1 |
|
|a регистрация
|
| 675 |
|
|
|a 553.3/.4.062
|v 3
|
| 702 |
|
1 |
|a Красников
|b В. И.
|4 220
|
| 712 |
0 |
2 |
|a Забайкальский комплексный научно-исследовательский институт
|2 stltpush
|3 (RuTPU)RU\TPU\col\11364
|9 25068
|
| 801 |
|
0 |
|a RU
|b RuMRKP
|c 19950704
|g psbo
|
| 801 |
|
1 |
|a RU
|b 63413507
|c 20150423
|
| 801 |
|
2 |
|a RU
|b 63413507
|c 20190218
|g RCR
|
| 942 |
|
|
|c BK
|